00460 2200181 4500001002100000005001500021008004100036020001800077035001900095041000700114082000800121090001400129100001000143245006000153260002600213300001900239650002000258INLIS00000000001452720241224114749241224||||||||| | ||| |||| || |  a979-3168-42-0 0010-1224014527 aid0 a500 a500 LIL a0 alilis00aAku Suka Bekajar Ilmu Pengetahuan Alam:Untuk SD Kelas 5 aJakartabAlbamac2008 a183hlm;18x25cm 0aIlmu-ilmu Murni